| 000 | 00509nam a2200157 a 4500 | ||
|---|---|---|---|
| 008 | 120416s1965 ||||||||||||||||| || u | ||
| 020 | _a040823055x | ||
| 050 | _aTA 165 Jon | ||
| 100 | _aJones, Ernest Beachcroft | ||
| 245 | 1 | 0 | _aInstrument technology |
| 250 | _a2nd ed. | ||
| 260 |
_aLondon _bButterworths _c1965 |
||
| 300 | _aill. | ||
| 350 | _a0.00 | ||
| 995 |
_D0.00 _FCBU-MAIN LIBRARY (Kitwe) _H1 _I35.00 _UAVAILABLE _ZMain Library Open Access Collection |
||
| 999 |
_c47095 _d47095 |
||